000
00290nam a22001337a 4500
003
SGT
082
_a
617.96
_b
O13K
100
_a
KULKARNI, ATUL P.
245
_a
OBJECTIVE ANESTHESIA REVIEW
260
_a
INDIA
_b
JAYPEE
_c
2013
300
_a
526
490
_a
ANESTHESIA
942
_2
ddc
_c
BK
999
_c
10686
_d
10686